Statistics for 0103-道南いさりび鉄道の駅

Click here to take the quiz!

General Stats

  • This quiz has been taken 44 times
  • The average score is 9 of 12

Answer Stats

本線% Correct
五稜郭
100%
木古内
97%
上磯
87%
東久根別
70%
久根別
70%
清川口
70%
茂辺地
67%
七重浜
63%
渡島当別
60%
釜谷
57%
泉沢
57%
札苅
57%

Score Distribution

Percentile by Number Answered

Percent of People with Each Score

Your Score History

You have not taken this quiz